|
|
|
|
| LEADER |
01041nam a2200277 a 4500 |
| 001 |
3867 |
| 003 |
BD-DhAAL |
| 005 |
20150623105555.0 |
| 008 |
150623s1995 caua b 001 0 eng |
| 010 |
|
|
|a 94041045
|
| 020 |
|
|
|a 1565102525 (lib. bdg. : alk. paper)
|
| 020 |
|
|
|a 1565102517 (pbk. : alk. paper)
|
| 040 |
|
|
|a DLC
|c DLC
|d DLC
|d BD-DhAAL
|
| 050 |
0 |
0 |
|a B72
|b .E53 1995
|
| 082 |
0 |
0 |
|a 100
|2 20
|
| 245 |
0 |
0 |
|a Enduring issues in philosophy :
|b opposing viewpoints /
|c Gerald W. Eichhoefer, book editor.
|
| 260 |
|
|
|a San Diego, CA :
|b Greenhaven Press,
|c c1995.
|
| 300 |
|
|
|a 379 p. :
|b ill. ;
|c 23 cm.
|
| 490 |
|
|
|a Enduring issues series
|
| 504 |
|
|
|a Includes bibliographical references (p. 367-370) and index.
|
| 541 |
|
|
|e 3867
|
| 650 |
|
0 |
|a Philosophy.
|9 12381
|
| 700 |
1 |
|
|a Eichhoefer, Gerald W.,
|d 1946-
|9 12382
|
| 942 |
|
|
|2 ddc
|c BK
|
| 999 |
|
|
|c 34815
|d 34815
|
| 952 |
|
|
|0 0
|1 0
|2 ddc
|4 0
|6 100_000000000000000_END
|7 0
|9 54475
|a SCL
|b SCL
|c GEN
|d 2015-06-23
|e Gift: The Asia Foundation
|l 5
|m 8
|o 100 END
|p 3020003867
|r 2024-12-15
|s 2024-12-04
|t 1
|w 2015-06-23
|y BK
|